Biggest Cities in the Middle East - Statistics

General Stats
  • This quiz has been taken 58 times
    10 since last reset
  • The average score is 77 of 292
Answer Stats
Population Country City % Correct
603,492 United Arab Emirates Abu Dhabi
100%
1,602,264 Syria Aleppo
100%
5,107,530 Egypt Alexandria
100%
3,517,182 Turkey Ankara
100%
7,216,000 Iraq Baghdad
100%
1,916,100 Lebanon Beirut
100%
9,293,612 Egypt Cairo
100%
1,569,394 Syria Damascus
100%
2,956,587 United Arab Emirates Dubai
100%
15,214,177 Turkey Istanbul
100%
1,300,000 Saudi Arabia Medina
100%
4,205,961 Saudi Arabia Riyadh
100%
7,153,309 Iran Tehran
100%
550,602 Yemen Aden
88%
2,600,000 Iraq Basrah
88%
344,939 Qatar Doha
88%
4,212,750 Egypt Giza
88%
1,547,164 Iran Isfahan
88%
2,500,603 Turkey İzmir
88%
2,867,446 Saudi Arabia Jeddah
88%
2,307,177 Iran Mashhad
88%
1,323,624 Saudi Arabia Mecca
88%
1,739,800 Iraq Mosul
88%
1,937,451 Yemen Sanaa
88%
1,249,942 Iran Shiraz
88%
432,892 Israel Tel Aviv
88%
371,713 Turkey Van
88%
1,275,857 Jordan Amman
75%
758,188 Turkey Antalya
75%
1,412,701 Turkey Bursa
75%
768,602 Saudi Arabia Dammam
75%
932,800 Iraq Erbil
75%
410,000 (Palestine) Gaza
75%
1,065,975 Turkey Gaziantep
75%
801,000 Israel Jerusalem
75%
875,530 Turkey Konya
75%
147,074 Bahrain Manama
75%
797,000 Oman Muscat
75%
900,000 Iran Qom
75%
394,050 Turkey Samsun
75%
1,324,473 United Arab Emirates Sharjah
75%
1,424,641 Iran Tabriz
75%
337,472 Egypt Aswān
63%
281,436 Turkey Gebze
63%
267,300 Israel Haifa
63%
250,704 Egypt Luxor
63%
537,842 Turkey Mersin
63%
229,398 Lebanon Tripoli
63%
1,248,988 Turkey Adana
50%
190,159 Iraq Al Fallūjah
50%
381,990 Turkey Batman
50%
289,833 Egypt Damietta
50%
644,763 Turkey Diyarbakır
50%
126,470 Turkey Edirne
50%
1,448,075 Iran Karaj
50%
592,840 Turkey Kayseri
50%
601,433 Iraq Kirkuk
50%
760,152 Egypt Port Said
50%
740,874 Egypt Suez
50%
135,204 Lebanon Tyre
50%
841,145 Iran Ahvaz
38%
489,377 Egypt Al-Fayyūm
38%
570,271 Egypt Al-Manṣūrah
38%
210,000 Turkey Antakya
38%
224,656 Israel Ashdod
38%
723,170 Iraq As Sulaymānīyah
38%
480,516 Egypt Asyūṭ
38%
186,600 Israel Beersheba
38%
202,578 Turkey Çorlu
38%
514,869 Turkey Eskişehir
38%
775,404 Syria Homs
38%
376,045 Turkey Kahramanmaraş
38%
577,514 Iran Kerman
38%
243,971 Turkey Manisa
38%
482,576 Iraq Najaf
38%
302,926 Egypt New Cairo
38%
126,305 (Palestine) Rafaḩ
38%
163,140 Oman Şalālah
38%
449,549 Turkey Şanlıurfa
38%
1,187,747 Egypt Shubrā al-Khaymah
38%
528,672 Egypt Ṭanṭa
38%
122,287 Turkey Tekirdağ
38%
226,953 Egypt 10th of Ramadan
25%
286,787 Turkey Adapazarı
25%
195,675 Egypt Al-Ghurdaqah
25%
293,179 Saudi Arabia Al Hufūf
25%
397,446 Egypt Al-Ismā'īliyah
25%
315,162 Iraq Al Kūt
25%
617,871 Yemen Al Ḩudaydah
25%
503,647 Iran Arāk
25%
177,636 Syria Ar Raqqah
25%
105,995 Israel Ashkelon
25%
238,151 Turkey Balıkesir
25%
352,173 Iran Bandar Abbas
25%
154,400 Israel Bnei Brak
25%
391,336 Saudi Arabia Buraydah
25%
242,565 Syria Deir ez-Zor
25%
313,238 Turkey Denizli
25%
160,114 Yemen Dhamār
25%
420,691 Turkey Erzurum
25%
234,837 Yemen Ibb
25%
172,334 Turkey Isparta
25%
196,571 Turkey İzmit
25%
120,399 Turkey Karaman
25%
621,100 Iran Kermanshah
25%
387,553 Saudi Arabia Khamis Mushait
25%
340,181 Syria Latakia
25%
441,805 Turkey Malatya
25%
258,573 Saudi Arabia Najrān
25%
116,788 Turkey Ordu
25%
577,307 Iran Orūmīyeh
25%
200,000 Israel Petaẖ Tiqwa
25%
274,539 Iraq Ramadi
25%
128,095 Israel Ramat Gan
25%
594,590 Iran Rasht
25%
220,492 Israel Rishon LeẔiyyon
25%
268,237 Jordan Russeifa
25%
248,174 Egypt Sawhāj
25%
163,554 Lebanon Sidon
25%
264,022 Turkey Sivas
25%
108,274 Oman Sohar
25%
124,874 Egypt Ṭahṭā
25%
615,222 Yemen Taiz
25%
256,482 Turkey Tarsus
25%
244,083 Turkey Trabzon
25%
551,980 Iran Zahedan
25%
357,471 Iran Zanjān
25%
792,665 Jordan Zarqa
25%
355,616 Egypt 6th of October
13%
269,000 Iraq Abū Ghurayb
13%
142,420 Egypt Abū Kabīr
13%
318,801 Iraq Ad Dīwānīyah
13%
223,744 Turkey Adıyaman
13%
490,035 United Arab Emirates Ajman City
13%
140,785 Egypt Akhmīm
13%
152,201 Turkey Aksaray
13%
323,302 Iraq Al ‘Amārah
13%
112,969 Turkey Alanya
13%
130,745 Syria Al Bāb
13%
289,709 Iraq Al Ḩillah
13%
237,274 Saudi Arabia Al Jubayl
13%
425,300 Saudi Arabia Al Kharj
13%
543,271 Egypt Al-Maḥallah al-Kubrā
13%
254,523 Egypt Al-Minyā
13%
460,602 Syria Ḩamāh
13%
199,382 Iran Āmol
13%
148,540 Saudi Arabia Arar
13%
410,753 Iran Ardabīl
13%
152,890 Iraq As Samawah
13%
163,022 Turkey Aydin
13%
396,852 Egypt Az-Zaqāzīq
13%
202,796 Iran Bābol
13%
128,979 Israel Bat Yam
13%
246,395 Egypt Beni Suef
13%
170,785 Egypt Bilbays
13%
125,686 Egypt Bilqās
13%
196,982 Iran Bīrjand
13%
192,041 Iran Bojnūrd
13%
267,005 Iran Borūjerd
13%
165,377 Iran Bushehr
13%
278,413 Egypt Damanhūr
13%
264,709 Iran Dezful
13%
284,000 Iraq Dihok
13%
139,794 Egypt Disūq
13%
111,864 Syria Dūmā
13%
298,004 Turkey Elazığ
13%
244,937 Iran Gorgān
13%
271,642 Saudi Arabia Hafar Al-Batin
13%
267,005 Saudi Arabia Ha'il
13%
528,256 Iran Hamadān
13%
160,470 (Palestine) Hebron
13%
165,787 Israel Holon
13%
154,997 Egypt Idkū
13%
128,840 Syria Idlib
13%
140,940 Iran Īlām
13%
307,480 Jordan Irbid
13%
159,965 Turkey İskenderun
13%
168,568 (Palestine) Jabālyā
13%
140,622 Egypt Jirjā
13%
105,198 Saudi Arabia Jizan
13%
112,467 Egypt Kafr ad-Dawwār
13%
434,450 Iraq Karbala
13%
396,897 Iran Kashan
13%
165,799 Saudi Arabia Khobar
13%
329,825 Iran Khorramabad
13%
175,370 Iran Khowy
13%
110,000 Iraq Kufa
13%
185,008 Turkey Kütahya
13%
190,829 Egypt Mallawī
13%
107,184 Egypt Manfalūṭ
13%
153,062 Egypt Marsā Maṭrūḥ
13%
117,107 Egypt Minūf
13%
258,132 Yemen Mukalla
13%
130,326 (Palestine) Nablus
13%
392,002 Egypt Nasser
13%
171,676 Israel Netanya
13%
220,929 Iran Neyshābūr
13%
202,837 Turkey Osmaniye
13%
149,737 Egypt Qalyūb
13%
184,231 Syria Qamishli
13%
333,635 Iran Qazvin
13%
241,422 Egypt Qinā
13%
132,671 Israel Rehovot
13%
110,048 Egypt Rosetta
13%
226,183 Iran Sabzevar
13%
128,332 Saudi Arabia Sakakah
13%
127,447 Egypt Samālūṭ
13%
158,508 Iraq Sāmarrā
13%
349,176 Iran Sanandaj
13%
255,396 Iran Sari
13%
124,826 Iran Semnan
13%
249,611 Egypt Shibīn al-Kawm
13%
207,645 Iran Sirjan
13%
455,450 Saudi Arabia Tabuk
13%
530,848 Saudi Arabia Ta’if
13%
107,620 Iraq Umm Qaşr
13%
200,161 Saudi Arabia Yanbu
13%
477,905 Iran Yazd
13%
121,989 Iran Zābol
13%
370,180 Iran Abadan
0%
210,886 Saudi Arabia Abha
0%
101,605 Egypt Abnūb
0%
146,136 Turkey Afyonkarahisar
0%
101,928 Egypt Al-Fashn
0%
104,569 Iraq Al Fāw
0%
149,567 Egypt Al-Ḥawāmidiyah
0%
148,591 Egypt Al-Maṭariyah
0%
290,802 Saudi Arabia Al Mubarraz
0%
135,116 Iran Andimeshk
0%
115,973 Egypt Ashmūn
0%
107,143 Oman As Suwayq
0%
122,676 Iraq Az Zubayr
0%
110,826 Iran Bandar-e Anzalī
0%
106,900 Iran Bandar-e Mahshahr
0%
107,631 Turkey Bandırma
0%
104,799 Iran Bāneh
0%
174,518 Egypt Banhā
0%
103,891 Egypt Banī Mazār
0%
152,550 Iraq Baqubah
0%
213,331 Iran Būkān
0%
164,830 Egypt El-ʻArīsh
0%
114,027 Turkey Erzincan
0%
107,819 Egypt Fāqūs
0%
131,416 Iran Gonbad-e Kāvūs
0%
101,640 Oman Ibrī
0%
133,959 Turkey İnegol
0%
131,232 Iran Iranshahr
0%
182,186 Egypt Kafr ash-Shaykh
0%
103,342 Egypt Kawm Umbū
0%
277,334 Iran Khomeynī Shahr
0%
330,606 Iran Khorramshahr
0%
211,138 Turkey Kırıkkale
0%
150,174 Turkey Kızıltepe
0%
100,208 Iran Kūhdasht
0%
162,434 Iran Mahābād
0%
176,573 Iran Malāyer
0%
134,500 Iran Maragheh
0%
124,191 Iran Marand
0%
148,858 Iran Marvdasht
0%
111,510 Iran Masjed Soleymān
0%
280,341 Turkey Merkezefendi
0%
132,819 Iran Mīāndoāb
0%
101,412 Turkey Mustafakemalpaşa
0%
223,450 Iran Najafābād
0%
400,249 Iraq Nasiriyah
0%
213,388 Iran Naz̧arābād
0%
119,370 Turkey Nazilli
0%
101,661 Iran Pārsābād
0%
204,953 Iran Qaemshahr
0%
251,834 Iran Qarchak
0%
111,752 Iran Qūchān
0%
102,903 Saudi Arabia Qurayyat
0%
147,680 Iran Rafsanjān
0%
351,943 United Arab Emirates Ras Al Khaimah City
0%
151,237 Iran Saqqez
0%
175,533 Iran Sāveh
0%
136,427 Syria Set Zaynab
0%
129,153 Iran Shahr-e Kord
0%
131,889 Iran Shahrud
0%
114,034 Turkey Siirt
0%
175,341 Turkey Siverek
0%
103,471 Egypt Ṭalkhā
0%
129,702 Turkey Tokat
0%
125,633 Iran Torbat-e Ḩeydarīyeh
0%
103,292 Turkey Turgutlu
0%
110,884 Turkey Turhal
0%
119,100 Saudi Arabia Unaizah
0%
152,862 Turkey Uşak
0%
179,603 Iran Varāmīn
0%
154,163 Turkey Viranşehir
0%
102,411 Egypt Ziftā
0%
100,229 Turkey Zonguldak
0%
No matching quizzes found
Score Distribution
Percent of People with Each Score
Percentile by Number Answered
Your Score History
You have not taken this quiz since the last reset